000 01349cam a22003617a 4500
003 CHAP
005 20220817041134.0
008 971013s1993 r 00010 d
010 _a7235
011 _a8207
035 _a7432
040 _cCHAP
082 _a634.81
_bM32
100 0 0 _aMacías Hernández, Humberto I.
_969511
245 0 _aManual práctico de viticultura
260 _aMéxico, D.F. :
_bTrillas,
_c1993
300 _a112 p.
_b: ilus.
590 _aBATCH-UPD
_b10
_c20130110
_lUCH01
_h1130
590 _aBATCH-UPD
_b10
_c20130410
_lUCH01
_h0719
590 _aBATCH-UPD
_b10
_c20130914
_lUCH01
_h2059
590 _aCONVERSION
_b10
_c20130109
_lUCH01
_h1305
650 1 4 _aUva.
_9117117
650 1 4 _aVid.
_9119097
650 1 4 _aViticultura.
901 _aBK
942 _cLIBRO
949 _a634.81 M32
_bBC
_cLIBRO
_d33724000211561
_eLIBRO
_fc.3
_gI. c/e
_h83786
_i7432
_si
_t34.00
949 _a634.81 M32
_bBC
_cLIBRO
_d33724000211587
_eLIBRO
_fc.2
_gI. c/e
_h83785
_i7432
_si
_t34.00
949 _a634.81 M32
_bBC
_cLIBRO
_d33724000223244
_eLIBRO
_gI.c/e
_h83784
_i7432
_si
_t34.00
949 _a634.81 M32
_bBC
_cLIBRO
_d33724000604781
_eLIBRO
_fc.6
_h84864
_i7432
_si
_t34.00
949 _a634.81 M32
_bBC
_cLIBRO
_d33724000767687
_eLIBRO
_fc.4
_gI. c/e
_h84862
_i7432
_si
_t$29.00
949 _a634.81 M32
_bBC
_cLIBRO
_d33724000807442
_eLIBRO
_fc.5
_h84863
_i7432
_si
_t34.00
999 _c7235
_d7235